000 00481nam a2200181Ia 4500
003 OSt
005 20240703144855.0
008 210210b1958 xxu||||| |||| 00| 0 eng d
040 _cAL
041 _aKannada
082 _a859/576
100 _aTAPASVINI ತಪಸ್ವಿನಿ
_9172465
245 _aVidhivilasa
_bವಿಧಿವಿಲಾಸ
260 _aDharavada
_bPrathibha Granthamale
_c1958
690 _aKannada Fiction
_9172467
906 _a021434
942 _2ddc
_cBK
999 _c145521
_d145521